Engineering Economics (Record no. 2114)

MARC details
000 -LEADER
fixed length control field 00427nam a2200169Ia 4500
008 - FIXED-LENGTH DATA ELEMENTS--GENERAL INFORMATION
fixed length control field 221030s9999 xx 000 0 und d
020 ## - INTERNATIONAL STANDARD BOOK NUMBER
ISBN 8125918779
041 ## - LANGUAGE CODE
Language code of text/sound track or separate title
082 ## - DEWEY DECIMAL CLASSIFICATION NUMBER
Classification number 105.23
Item number Dwi
100 ## - MAIN ENTRY--AUTHOR NAME
Personal name D. N. Dwivedi
245 #0 - TITLE STATEMENT
Title Engineering Economics
Statement of responsibility, etc by D. N. Dwivedi, A. Dwivedi
260 ## - PUBLICATION, DISTRIBUTION, ETC. (IMPRINT)
Name of publisher Vikas Pub House
Place of publication New Delhi
Year of publication 2005
300 ## - PHYSICAL DESCRIPTION
Number of Pages 321
650 ## - SUBJECT ADDED ENTRY--TOPICAL TERM
Topical Term BE Economics
700 ## - ADDED ENTRY--PERSONAL NAME
Personal name A. Dwivedi
942 ## - ADDED ENTRY ELEMENTS (KOHA)
Koha item type Books
Holdings
Accession Number Cost, normal purchase price Full call number Price effective from Koha item type Withdrawn / writtenoff status Materials specified (bound volume or other part) Damaged status Not for loan Permanent Location Current Location Shelving location Date acquired Lost/ Missing status department
BE 7674 165.00 105.23 Dwi 10/30/2022 Books   Print     MIET Library, Jammu MIET Library, Jammu BL-Academic Block- A, FL-1, CUP-89, SH-4, R-4 11/17/2005   BE